<?xml version="1.0" encoding="UTF-8"?><?xml-stylesheet type="text/xsl" href="static/style.xsl"?><OAI-PMH xmlns="http://www.openarchives.org/OAI/2.0/" xmlns:xsi="http://www.w3.org/2001/XMLSchema-instance" xsi:schemaLocation="http://www.openarchives.org/OAI/2.0/ http://www.openarchives.org/OAI/2.0/OAI-PMH.xsd"><responseDate>2026-04-27T19:52:51Z</responseDate><request verb="GetRecord" identifier="oai:uvadoc.uva.es:10324/77376" metadataPrefix="marc">https://uvadoc.uva.es/oai/request</request><GetRecord><record><header><identifier>oai:uvadoc.uva.es:10324/77376</identifier><datestamp>2025-09-01T19:03:02Z</datestamp><setSpec>com_10324_38</setSpec><setSpec>col_10324_852</setSpec></header><metadata><record xmlns="http://www.loc.gov/MARC21/slim" xmlns:doc="http://www.lyncode.com/xoai" xmlns:xsi="http://www.w3.org/2001/XMLSchema-instance" xmlns:dcterms="http://purl.org/dc/terms/" xsi:schemaLocation="http://www.loc.gov/MARC21/slim http://www.loc.gov/standards/marcxml/schema/MARC21slim.xsd">
<leader>00925njm 22002777a 4500</leader>
<datafield tag="042" ind1=" " ind2=" ">
<subfield code="a">dc</subfield>
</datafield>
<datafield tag="720" ind1=" " ind2=" ">
<subfield code="a">Rosa de las Heras, Marina de la</subfield>
<subfield code="e">author</subfield>
</datafield>
<datafield tag="260" ind1=" " ind2=" ">
<subfield code="c">2025</subfield>
</datafield>
<datafield tag="520" ind1=" " ind2=" ">
<subfield code="a">En un contexto marcado por la globalización y la digitalización, la fiscalidad internacional enfrenta desafíos significativos derivados de prácticas empresariales orientadas a la optimización fiscal. Aunque legalmente permitidas, estas estrategias suscitan crecientes interrogantes éticos cuando se traducen en una reducción del compromiso tributario en favor de una mayor rentabilidad. Esta situación ha puesto de relieve la insuficiencia de los marcos normativos actuales para controlar fenómenos indeseables como la erosión de bases imponibles y el traslado de beneficios. En este marco, el presente Trabajo de Fin de Grado examina la planificación fiscal desde una doble perspectiva—legítima y abusiva—y analiza su aplicación en el caso de Ferrovial, valorando su adecuación a los principios de legalidad y responsabilidad fiscal.</subfield>
</datafield>
<datafield tag="024" ind2=" " ind1="8">
<subfield code="a">https://uvadoc.uva.es/handle/10324/77376</subfield>
</datafield>
<datafield tag="245" ind1="0" ind2="0">
<subfield code="a">La planificación fiscal abusiva y el caso Ferrovial</subfield>
</datafield>
</record></metadata></record></GetRecord></OAI-PMH>